want that too - Tate McRae - Statistics

General Stats
  • This quiz has been taken 9 times
  • The average score is 253 of 333
Answer Stats
% Correct
I
100%
I'm
100%
is
100%
it
100%
No,
100%
no,
100%
no
100%
Oh,
100%
oh
100%
that
100%
that)
100%
to
100%
Too
100%
too
100%
too)
100%
too,
100%
want
100%
You
100%
you
100%
you,
100%
you?
100%
your
100%
You're
100%
you're
100%
all
88%
And
88%
and
88%
I'll
88%
in
88%
my
88%
(My
88%
see
88%
the
88%
were
88%
be
75%
'Cause
75%
do
75%
don't
75%
ever
75%
for
75%
gonna
75%
(Gonna
75%
like
75%
(Like
75%
me
75%
not
75%
of
75%
on
75%
was
75%
afford
63%
better
63%
blue
63%
come
63%
comin'
63%
couldn't
63%
down
63%
everything
63%
find
63%
gave
63%
good,
63%
know
63%
lose
63%
money,
63%
myself
63%
Never
63%
nothin'
63%
Now
63%
now
63%
out
63%
parts
63%
pull
63%
second
63%
somethin',
63%
somethin'
63%
still
63%
Take
63%
take
63%
Takin'
63%
That's
63%
that's
63%
time
63%
together
63%
together,
63%
treated
63%
wanna
63%
wanted,
63%
will
63%
young
63%
anything
50%
back
50%
back)
50%
blindsided,
50%
But
50%
but
50%
call,
50%
cut
50%
forget
50%
fuck
50%
got
50%
Heard
50%
innocence
50%
Keep
50%
knife's
50%
left
50%
made
50%
need
50%
older
50%
only
50%
over,
50%
play
50%
realize
50%
regret
50%
sayin'
50%
shit
50%
stuck
50%
think
50%
today
50%
waitin'
50%
weakness,
50%
won't
50%
youth
50%
day
38%
found
38%
hand
38%
one
38%
Prolly
38%
promise
38%
ricochet
38%
shots,
38%
throwin'
38%
watch
38%
didn't
25%
'em
25%
No matching quizzes found
Score Distribution
Percent of People with Each Score
Percentile by Number Answered
Your Score History
You have not taken this quiz